សាច់ដែលខ្ញុំចូលចិត្ត / (Record no. 1161)

MARC details
000 -LEADER
fixed length control field 01229nam a22002897a 4500
005 - DATE AND TIME OF LATEST TRANSACTION
control field 20230808101652.0
020 ## - INTERNATIONAL STANDARD BOOK NUMBER
International Standard Book Number 9789924340263
040 ## - CATALOGING SOURCE
Original cataloging agency FISKH
Language of cataloging eng
Transcribing agency FISKH
Modifying agency FISKH
082 ## - DEWEY DECIMAL CLASSIFICATION NUMBER
Classification number 664.9
100 ## - MAIN ENTRY--PERSONAL NAME
Personal name Vanthary, Oum
245 ## - TITLE STATEMENT
Title សាច់ដែលខ្ញុំចូលចិត្ត /
246 ## - VARYING FORM OF TITLE
Title proper/short title My favorite meat
250 ## - EDITION STATEMENT
Edition statement បោះពុម្ភលើកទី ៤ មេសា ២០២១
260 ## - PUBLICATION, DISTRIBUTION, ETC.
Place of publication, distribution, etc. Phnom Penh :
Name of publisher, distributor, etc. Sipar,
Date of publication, distribution, etc. 2021.
300 ## - PHYSICAL DESCRIPTION
Extent 16 unnumbered pages :
Other physical details color illustrations ;
Dimensions 18 cm
505 ## - FORMATTED CONTENTS NOTE
Formatted contents note aa
520 ## - SUMMARY, ETC.
Summary, etc. កុមារតូចនឹងបានរៀនពីឈ្មោះសាច់របស់សត្វមួយចំនួននៅជុំវិញខ្លួនរបស់គេ​អមជាមួយរូបភាពផងដែរ។
520 ## - SUMMARY, ETC.
Summary, etc. Basic vocabulary of meats with painted pictures are introduced to young children.
521 ## - TARGET AUDIENCE NOTE
Target audience note 10 <br/>
Source Lexile <br/>
521 ## - TARGET AUDIENCE NOTE
Target audience note aa <br/>
Source Raz-Plus <br/>
650 ## - SUBJECT ADDED ENTRY--TOPICAL TERM
Topical term or geographic name entry element សាច់របស់សត្វ
Form subdivision រូបភាព
650 ## - SUBJECT ADDED ENTRY--TOPICAL TERM
Topical term or geographic name entry element Meat
Form subdivision Pictures
700 ## - ADDED ENTRY--PERSONAL NAME
Personal name Sereyroath, Chea
Titles and other words associated with a name illustrator
942 ## - ADDED ENTRY ELEMENTS (KOHA)
Source of classification or shelving scheme Dewey Decimal Classification
Koha item type Books
Suppress in OPAC No
999 ## -
-- 1161
-- 1161
Holdings
Withdrawn status Lost status Source of classification or shelving scheme Damaged status Not for loan Collection Home library Current library Shelving location Date acquired Total Checkouts Full call number Barcode Date due Date last seen Date last checked out Copy number Price effective from Koha item type
    Dewey Decimal Classification     Khmer-English Bilingual / ភាសាខ្មែរ-អង់គ្លេស Footprints International School Library Network Toul Kork Campus Footprints International School Library Network Toul Kork Campus TK Campus, Room B402, Khmer Book Case 16, Shelves 112-123 / ទូរសៀវភៅខ្មែរលេខ ១៦​ ធ្នើរ ១១២ ដល់ ១២៣ បន្ទប់ B402 សាខាទួលគោក 08/04/2023 1 VAN 664.9 2023-0189 11/27/2025 11/13/2025 11/13/2025 1 08/04/2023 Books
    Dewey Decimal Classification     Khmer-English Bilingual / ភាសាខ្មែរ-អង់គ្លេស Footprints International School Library Network Toul Kork Campus Footprints International School Library Network Toul Kork Campus TK Campus, Room B402, Khmer Book Case 16, Shelves 112-123 / ទូរសៀវភៅខ្មែរលេខ ១៦​ ធ្នើរ ១១២ ដល់ ១២៣ បន្ទប់ B402 សាខាទួលគោក 08/04/2023 2 VAN 664.9 2023-0190   11/13/2025 08/22/2025 2 08/04/2023 Books